01922agaaa2200349 45000010005000000030009000050050017000140070009000310080040000400400023000800410013001031000056001161300018001722400018001902450154002082460011003622500022003732600106003953000034005015080179005355110089007145200203008035380016010065460013010226500063010357000065010987000068011637000070012319420012013019990019013139520240013321977IT-RoPAU20220918181234.0d cvaizq50131s9999||||xx ||| | || ||und|| aIT-RoPAUcIT-RoPAU aITALIANO aHitchcock AlfredgCodice regista SPICS: 5464936717 aPSYCHO942156 aPSYCHOgT2452 aPSYCHOcSceneggiatura: Stefano Joseph Da Un Racconto Di Stefano Joseph -- Diretto da: Hitchcock AlfredpPSYCHO (Rif. Codice opera principale : B1977) aPSYCHO aEdizione Standard a(USA)bSHAMLEY PRODUCTIONS / Distribuzione: UNIVIDEOg"1960 (1° ed.: 1992 ; Ed. Lingua Orig.: 1960)" aVHSbsonoro, col.c104 minuti a"Fotografia: Russell John L.; Montaggio: Tomasini George; Musica: Hermann Bernard; Sceneggiatura: Stefano Joseph Da Un Racconto Di Stefano Joseph; Scenografia: Milo George; " a"Perkins Anthony; Leigh Janet; Miles Vera; Gavin John; Balsam Martin; Mcintire John" aFILM CHE HA PRESENTATO AL MONDO IL PERSONAGGIO DI NORMAN BATES UN UOMO AMBIGUO E INQUITANTE PROPRIETARIO INSIEME ALLA MADRE DI UN SINISTRO MOTEL. ASSASSINIO NELLA DOCCIA. TERRORE. SUSPENCE. BRIVIDO. aPAL, STEREO aITALIANO aPOLIZIESCOeFILMS [VHS]xCodice MATERIA SPICS: 9960942157 aHermann Bernarde(musica)gCodice Musica SPICS: 24481942158 aHitchcock Alfred e(regista)gCodice regista SPICS: 5464936717 aHitchcock Alfred e(soggetto)gCodice Soggetto SPICS: 5464942159 cVH2ddc c105569d105569 0010406B_1977_00000000000000071aSPICSbSPICSd2015-01-31l0oB1977r2015-01-31 00:00:00w2015-01-31yVHzProgr. Ins.: 107 / N.Vol.:1 / Copie: 1 / Pag.:0 / Copia rara: n.d. / date import: 1.2.2015 / By Epidotti, Trombetti, Vaglietti